[Event "BCF-chT2a 0910 (4NCL)"]
[Site "England"]
[Date "2010.02.21"]
[Round "6.8"]
[White "Thilaganathan, Jessica"]
[Black "Cumming, Rhys"]
[Result "0-1"]
[WhiteElo "1900"]
[BlackElo "1969"]
[PlyCount "76"]
[EventDate "2009.10.24"]
[EventType "team-tourn"]
[EventRounds "7"]
[EventCountry "ENG"]
[SourceTitle "EXT 2010"]
[Source "ChessBase"]
[SourceDate "2010.11.25"]
[SourceVersion "1"]
[SourceVersionDate "2010.11.25"]
[SourceQuality "1"]
[WhiteTeam "Wessex"]
[BlackTeam "Barbican Youth"]
[WhiteTeamCountry "ENG"]
[BlackTeamCountry "ENG"]

1. d4 Nf6 2. c4 g6 3. Nc3 d5 4. cxd5 Nxd5 5. e4 Nxc3 6. bxc3 Bg7 7. Bc4 0-0 8. Ne2 c5 9. Be3 Nc6 10. Rc1 cxd4 11. cxd4 Qa5+ 12. Kf1 Qa3 13. Rc3 Qd6 14. h4 Rd8 15. h5 Bxd4 16. Nxd4 Nxd4 17. hxg6 hxg6 18. e5 Qb4 19. Rc1 Be6 20. Bxe6 Nxe6 21. Qe2 Nf4 22. Bxf4 Qxf4 23. Rc4 Rd1+ 24. Qxd1 Qxc4+ 25. Qe2 Qc1+ 26. Qe1 Rc8 27. Rh3 Qb2 28. Rb3 Qxa2 29. Rb1 Rc2 30. Rd1 b6 31. Kg1 Qc4 32. Qe3 Kg7 33. Ra1 Qc5 34. Rxa7 Qxe3 35. fxe3 e6 36. Rb7 Rb2 37. Kf1 g5 38. Kg1 Kg6 0-1

[Event "BCF-chT2a 0910 (4NCL)"]
[Site "England"]
[Date "2010.01.16"]
[Round "3.8"]
[White "Hollingworth, Evie"]
[Black "Thilaganathan, Jessica"]
[Result "0-1"]
[WhiteElo "1874"]
[BlackElo "1900"]
[PlyCount "104"]
[EventDate "2009.10.24"]
[EventType "team-tourn"]
[EventRounds "7"]
[EventCountry "ENG"]
[SourceTitle "EXT 2010"]
[Source "ChessBase"]
[SourceDate "2010.11.25"]
[SourceVersion "1"]
[SourceVersionDate "2010.11.25"]
[SourceQuality "1"]
[WhiteTeam "White Rose II"]
[BlackTeam "Wessex"]
[WhiteTeamCountry "ENG"]
[BlackTeamCountry "ENG"]

1. e4 e6 2. d4 d5 3. exd5 exd5 4. Nf3 Nc6 5. c4 Bb4+ 6. Nc3 Nge7 7. a3 Bxc3+ 8. bxc3 0-0 9. Bd3 dxc4 10. Bxc4 Nd5 11. Bd2 Re8+ 12. Be2 Qe7 13. c4 Nb6 14. Be3 Bg4 15. Qd3 f5 16. d5 Ne5 17. Qd4 Bxf3 18. gxf3 Nbxc4 19. 0-0 Nxe3 20. Qxe3 Nd7 21. Bb5 Qxe3 22. fxe3 Re7 23. Kf2 Nb6 24. Rad1 a6 25. Bd3 Rf8 26. Rfe1 Re5 27. Bc2 Rf6 28. Bb3 Kf8 29. Rd4 Ke8 30. Rg1 g6 31. Rc1 Kd7 32. a4 Kd6 33. Rcd1 a5 34. Ke2 Nd7 35. Rc1 Nc5 36. Ba2 g5 37. Rg1 h6 38. h4 f4 39. e4 Rg6 40. h5 Rg7 41. Bb1 Nd7 42. Rd2 Nf6 43. Kd3 g4 44. Rh2 Rgg5 45. Bc2 gxf3 46. Rxg5 Rxg5 47. Bd1 Rg2 48. Rh3 f2 49. Be2 Rg3+ 50. Rxg3 fxg3 51. Bf1 Ke5 52. Ke3 Nxe4 0-1

[Event "EU-ch U18 Girls 19th"]
[Site "Fermo"]
[Date "2009.09.02"]
[Round "3"]
[White "Tanacs, Anna"]
[Black "Thilaganathan, Jessica"]
[Result "0-1"]
[WhiteElo "2073"]
[BlackElo "1899"]
[PlyCount "68"]
[EventDate "2009.08.31"]
[EventType "swiss"]
[EventRounds "9"]
[EventCountry "ITA"]
[SourceTitle "CBM 132 Extra"]
[Source "ChessBase"]
[SourceDate "2009.11.03"]
[SourceVersion "1"]
[SourceVersionDate "2009.11.03"]
[SourceQuality "1"]

1. d4 d5 2. Nf3 Nf6 3. g3 c6 4. Bg2 Bf5 5. 0-0 e6 6. c4 Nbd7 7. Nc3 dxc4 8. Nh4 Bg6 9. Nxg6 hxg6 10. e4 Be7 11. a4 a5 12. Qe2 Nb6 13. Be3 0-0 14. Rad1 Bb4 15. Qc2 Ng4 16. Bf4 Qe7 17. Rfe1 e5 18. dxe5 Nxe5 19. Bxe5 Qxe5 20. f4 Qc5+ 21. Kh1 Rad8 22. Rf1 Bxc3 23. bxc3 Rxd1 24. Rxd1 Qa3 25. Rb1 Nxa4 26. Rxb7 Qxc3 27. Qf2 Rd8 28. Bf3 Qc1+ 29. Qg1 Qxg1+ 30. Kxg1 c3 31. Rb1 c2 32. Rc1 Rd2 33. Kf1 Nc5 34. Ke1 Nb3 0-1

[Event "Dresden ZMD op"]
[Site "Dresden"]
[Date "2009.07.25"]
[Round "1"]
[White "Ovsejevitsch, Sergei"]
[Black "Thilaganathan, Jessica"]
[Result "1-0"]
[WhiteElo "2583"]
[BlackElo "1899"]
[PlyCount "83"]
[EventDate "2009.07.25"]
[EventType "swiss"]
[EventRounds "9"]
[EventCountry "GER"]
[SourceTitle "CBM 131 Extra"]
[Source "ChessBase"]
[SourceDate "2009.09.03"]
[SourceVersion "2"]
[SourceVersionDate "2009.09.16"]
[SourceQuality "1"]

1. d4 d5 2. c4 c6 3. e3 Nf6 4. Nc3 e6 5. Nf3 Nbd7 6. Bd3 Bd6 7. e4 dxe4 8. Nxe4 Nxe4 9. Bxe4 h6 10. 0-0 0-0 11. Bc2 Re8 12. Qd3 Nf8 13. Rd1 Qf6 14. Bd2 e5 15. dxe5 Bxe5 16. Nxe5 Rxe5 17. Bc3 Bf5 18. Bxe5 Bxd3 19. Bxf6 Bxc2 20. Rd8 Rxd8 21. Bxd8 Bd3 22. b3 Ng6 23. Ba5 b6 24. Bd2 Kf8 25. f3 Nh4 26. Kf2 h5 27. Bg5 Ng6 28. Rd1 Ne5 29. Bf4 Bc2 30. Rd2 Nd3+ 31. Ke3 Nxf4 32. Kxf4 Bb1 33. Kg5 Ke7 34. Kxh5 Ke6 35. Kg4 c5 36. Kf4 f6 37. h4 Ke7 38. g4 Ke6 39. h5 Ke7 40. Ke3 Ke8 41. f4 Ke7 42. f5 1-0

[Event "Wch U16 Girls"]
[Site "Vung Tau"]
[Date "2008.10.30"]
[Round "11"]
[White "Thilaganathan, Jessica"]
[Black "Guo, Emma"]
[Result "1-0"]
[WhiteElo "1891"]
[BlackElo "1752"]
[PlyCount "57"]
[EventDate "2008.10.20"]
[EventType "swiss"]
[EventRounds "11"]
[EventCountry "VIE"]
[SourceTitle "EXT 2009"]
[Source "ChessBase"]
[SourceDate "2008.11.26"]
[SourceVersion "1"]
[SourceVersionDate "2008.11.26"]
[SourceQuality "1"]

1. d4 Nf6 2. c4 e5 3. dxe5 Ne4 4. Nf3 Nc6 5. a3 d6 6. b4 Bf5 7. Bb2 Qe7 8. exd6 Nxd6 9. e3 Rd8 10. Qc1 Ne4 11. Nc3 Nf6 12. Be2 Qe6 13. Nb5 Qc8 14. Ne5 Nxe5 15. Bxe5 Bd6 16. Qb2 0-0 17. Nxd6 cxd6 18. Bxf6 gxf6 19. Qxf6 d5 20. c5 d4 21. exd4 Rfe8 22. Kf1 Bg6 23. Bc4 Qg4 24. f3 Qd7 25. Kf2 Qa4 26. Rhc1 Rd7 27. d5 a5 28. Qb6 Ra8 29. Bb5 1-0

[Event "Wch U16 Girls"]
[Site "Vung Tau"]
[Date "2008.10.29"]
[Round "10"]
[White "Pon, Namasivayam Krithik"]
[Black "Thilaganathan, Jessica"]
[Result "1-0"]
[WhiteElo "2191"]
[BlackElo "1891"]
[PlyCount "107"]
[EventDate "2008.10.20"]
[EventType "swiss"]
[EventRounds "11"]
[EventCountry "VIE"]
[SourceTitle "EXT 2009"]
[Source "ChessBase"]
[SourceDate "2008.11.26"]
[SourceVersion "1"]
[SourceVersionDate "2008.11.26"]
[SourceQuality "1"]

1. e4 e6 2. d4 d5 3. Nc3 Nc6 4. Nf3 Nf6 5. e5 Ne4 6. Bd3 Bb4 7. Bd2 Nxd2 8. Qxd2 f6 9. Qe3 Qe7 10. 0-0 Bxc3 11. bxc3 Bd7 12. Rfb1 Na5 13. Nd2 f5 14. c4 c6 15. c5 0-0 16. f4 Rfb8 17. h3 b5 18. Nf3 Nb7 19. g4 g6 20. Kh2 Kh8 21. Rg1 Rg8 22. Rg3 Rg7 23. Rag1 Rag8 24. Qe2 Be8 25. Qf2 Nd8 26. R3g2 a6 27. c3 Nb7 28. Ng5 Nd8 29. Nf3 Nb7 30. Qc2 Bd7 31. Qd1 Be8 32. Qe1 Nd8 33. Rg3 Qf8 34. gxf5 gxf5 35. Rxg7 Rxg7 36. Rxg7 Qxg7 37. Qh4 Nb7 38. Ng5 Qe7 39. Bc2 Kg8 40. Qh6 Nd8 41. Nxh7 Qxh7 42. Qg5+ Kf8 43. Qxd8 Qe7 44. Qd6 Qxd6 45. cxd6 Kg7 46. Kg3 Kh6 47. Kh4 a5 48. a3 a4 49. Bd1 Kh7 50. Kg5 Kg7 51. Bh5 Bd7 52. Bg6 Kg8 53. Kf6 Kf8 54. h4 1-0

[Event "Wch U16 Girls"]
[Site "Vung Tau"]
[Date "2008.10.24"]
[Round "6"]
[White "Kovaliova, Valeria"]
[Black "Thilaganathan, Jessica"]
[Result "1/2-1/2"]
[WhiteElo "2000"]
[BlackElo "1891"]
[PlyCount "141"]
[EventDate "2008.10.20"]
[EventType "swiss"]
[EventRounds "11"]
[EventCountry "VIE"]
[SourceTitle "EXT 2009"]
[Source "ChessBase"]
[SourceDate "2008.11.26"]
[SourceVersion "1"]
[SourceVersionDate "2008.11.26"]
[SourceQuality "1"]

1. d4 d5 2. c4 c6 3. Nf3 Nf6 4. Nc3 e6 5. cxd5 exd5 6. Bg5 Be7 7. Qc2 g6 8. e3 Bf5 9. Bd3 Bxd3 10. Qxd3 0-0 11. 0-0 Nbd7 12. Ne5 Re8 13. f4 Ne4 14. Nxe4 dxe4 15. Bxe7 Qxe7 16. Qxe4 Nb6 17. Qd3 f6 18. Ng4 Kg7 19. Rf3 Qe4 20. Qxe4 Rxe4 21. Nf2 Re7 22. e4 Rd8 23. Rd1 Red7 24. Ra3 Nc8 25. Rad3 Nd6 26. b3 Nb5 27. d5 cxd5 28. exd5 f5 29. a4 Nc7 30. d6 Ne8 31. Rd5 Rxd6 32. Rxd6 Rxd6 33. Rxd6 Nxd6 34. Nd3 Ne4 35. b4 Kf6 36. g3 Ke6 37. Kg2 Kd5 38. Ne5 Kd4 39. Kf3 Kc3 40. b5 Kb4 41. b6 axb6 42. Nd7 Kxa4 43. Nxb6+ Kb5 44. Nd5 Kc4 45. Nb6+ Kc5 46. Nd7+ Kc6 47. Ne5+ Kd5 48. Ke3 b5 49. Kd3 Nf2+ 50. Kc3 Ng4 51. Nf3 Kc5 52. Ng5 Nxh2 53. Nxh7 Nf1 54. Nf8 Nxg3 55. Nxg6 Ne2+ 56. Kd3 Nd4 57. Ne5 Nc6 58. Nf3 Nb4+ 59. Kd2 Kd5 60. Kc3 Ke4 61. Nd2+ Ke3 62. Nf1+ Kf2 63. Nd2 Ke2 64. Nb3 Nc6 65. Nc5 Ke3 66. Ne6 Ke4 67. Nc7 Nd4 68. Ne8 Ke3 69. Nd6 Ne2+ 70. Kb4 Nd4 71. Kc5 1/2-1/2

[Event "Coulsdon Jessie Gilbert"]
[Site "Coulsdon"]
[Date "2008.08.25"]
[Round "10"]
[White "Thilaganathan, Jessica"]
[Black "Williams, Peter Arthur"]
[Result "1/2-1/2"]
[WhiteElo "1931"]
[BlackElo "1867"]
[PlyCount "76"]
[EventDate "2008.08.16"]
[EventType "swiss"]
[EventRounds "10"]
[EventCountry "ENG"]
[SourceTitle "EXT 2009"]
[Source "ChessBase"]
[SourceDate "2008.11.26"]
[SourceVersion "1"]
[SourceVersionDate "2008.11.26"]
[SourceQuality "1"]

1. d4 d5 2. c4 c6 3. Nc3 Nf6 4. Nf3 dxc4 5. a4 Bf5 6. Ne5 Nbd7 7. Nxc4 Qc7 8. g3 e5 9. dxe5 Nxe5 10. Bf4 Nfd7 11. Bg2 g5 12. Ne3 gxf4 13. Nxf5 0-0-0 14. Qc2 Nc5 15. 0-0 Ne6 16. Rfc1 Bb4 17. Qb3 Bxc3 18. Qxc3 Rhe8 19. b4 f3 20. Bxf3 Nxf3+ 21. Qxf3 Kb8 22. Qc3 Ng5 23. Nd4 Ne4 24. Qb2 h5 25. Nf3 f5 26. b5 Qb6 27. e3 a5 28. Rab1 c5 29. Rc2 Rd5 30. Nd2 Ng5 31. Nc4 Qe6 32. Nxa5 Nf3+ 33. Kh1 Qe4 34. Rc4 Nd4+ 35. Kg1 Nf3+ 36. Kh1 Nd4+ 37. Kg1 Nf3+ 38. Kh1 Nd4+ 1/2-1/2

[Event "Coulsdon Jessie Gilbert"]
[Site "Coulsdon"]
[Date "2008.08.23"]
[Round "8"]
[White "Grey, Nicholas D"]
[Black "Thilaganathan, Jessica"]
[Result "1/2-1/2"]
[WhiteElo "1758"]
[BlackElo "1931"]
[PlyCount "68"]
[EventDate "2008.08.16"]
[EventType "swiss"]
[EventRounds "10"]
[EventCountry "ENG"]
[SourceTitle "CBM 125 Extra"]
[Source "ChessBase"]
[SourceDate "2008.09.01"]
[SourceVersion "1"]
[SourceVersionDate "2008.09.01"]
[SourceQuality "1"]

1. e4 e6 2. d4 d5 3. Nc3 dxe4 4. Nxe4 Bd7 5. Nf3 Bc6 6. Bd3 Nd7 7. 0-0 Ngf6 8. Neg5 Bd6 9. Re1 0-0 10. Ne5 Nb8 11. Nxc6 Nxc6 12. c3 Ne7 13. Qf3 c6 14. Bd2 Ng6 15. g3 Qc7 16. h4 Ne7 17. c4 c5 18. dxc5 Bxc5 19. Bc3 Qc6 20. Ne4 Nxe4 21. Bxe4 Qb6 22. Bxb7 Bxf2+ 23. Qxf2 Qxb7 24. Rad1 Rad8 25. b3 Rd7 26. Rxd7 Qxd7 27. Re2 Nc6 28. Rd2 Qc7 29. Qf3 Rd8 30. Qxc6 Qxg3+ 31. Qg2 Qe1+ 32. Kh2 Qxh4+ 33. Kg1 Qe1+ 34. Kh2 Qh4+ 1/2-1/2

[Event "Coulsdon Jessie Gilbert"]
[Site "Coulsdon"]
[Date "2008.08.19"]
[Round "4"]
[White "Thilaganathan, Jessica"]
[Black "Khamroev, Ravshan"]
[Result "1/2-1/2"]
[WhiteElo "1931"]
[BlackElo "2181"]
[PlyCount "72"]
[EventDate "2008.08.16"]
[EventType "swiss"]
[EventRounds "10"]
[EventCountry "ENG"]
[SourceTitle "CBM 125 Extra"]
[Source "ChessBase"]
[SourceDate "2008.09.01"]
[SourceVersion "1"]
[SourceVersionDate "2008.09.01"]
[SourceQuality "1"]

1. d4 Nf6 2. c4 e5 3. dxe5 Ng4 4. Nf3 Bc5 5. e3 Nc6 6. a3 a5 7. Nbd2 Ngxe5 8. Nxe5 Nxe5 9. Nf3 Qf6 10. Nxe5 Qxe5 11. Qd5 Qe7 12. Bd3 Ra6 13. Bd2 0-0 14. Qe4 Qxe4 15. Bxe4 a4 16. Bb4 b6 17. Bxc5 bxc5 18. 0-0-0 d6 19. Rhe1 Rb6 20. Rd2 Ba6 21. Rc2 Rfb8 22. Ree2 g5 23. Red2 Kg7 24. g4 Rh8 25. Rd1 Bc8 26. Rg1 Be6 27. Bd3 Bd7 28. Be2 Bc6 29. Rg3 Be4 30. Rd2 Re8 31. f3 Bc6 32. e4 h6 33. Bd1 Kf6 34. h4 Rh8 35. Rh3 Rbb8 36. Rdh2 Kg7 1/2-1/2

[Event "GBR-ch Major op 95th"]
[Site "Liverpool"]
[Date "2008.08.07"]
[Round "10"]
[White "Jain, Radha"]
[Black "Thilaganathan, Jessica"]
[Result "1-0"]
[WhiteElo "1772"]
[BlackElo "1931"]
[PlyCount "105"]
[EventDate "2008.07.28"]
[EventType "swiss"]
[EventRounds "11"]
[EventCountry "ENG"]
[SourceTitle "CBM 125 Extra"]
[Source "ChessBase"]
[SourceDate "2008.09.01"]
[SourceVersion "1"]
[SourceVersionDate "2008.09.01"]
[SourceQuality "1"]

1. d4 d5 2. c4 c6 3. Nf3 e6 4. Nc3 Nf6 5. e3 Be7 6. Be2 0-0 7. 0-0 dxc4 8. Bxc4 b5 9. Bd3 b4 10. Ne4 Nbd7 11. Qc2 Bb7 12. Bd2 Rc8 13. Nc5 Nxc5 14. dxc5 a5 15. a3 bxa3 16. Rxa3 Ra8 17. Rfa1 a4 18. Rxa4 Rxa4 19. Rxa4 Bxc5 20. Bxh7+ Nxh7 21. Qxc5 Qd5 22. Qxd5 cxd5 23. b4 Ra8 24. Rxa8+ Bxa8 25. b5 Kf8 26. Bb4+ Ke8 27. Ne5 Nf6 28. h4 Nd7 29. Nxd7 Kxd7 30. g4 Ke8 31. f4 f5 32. g5 g6 33. h5 gxh5 34. g6 Bb7 35. Kh2 Bc8 36. b6 h4 37. b7 Bxb7 38. Kh3 Bc8 39. Kxh4 e5 40. Kg5 exf4 41. exf4 d4 42. Kf6 Ba6 43. Kxf5 d3 44. Kf6 d2 45. Bxd2 Kf8 46. Bb4+ Kg8 47. f5 Bd3 48. Kg5 Bc2 49. f6 Bb3 50. Kf4 Ba2 51. Ke5 Bb3 52. Kd6 Kf8 53. Kd7+ 1-0

[Event "GBR-ch Major op 95th"]
[Site "Liverpool"]
[Date "2008.08.04"]
[Round "7"]
[White "Thilaganathan, Jessica"]
[Black "Taylor, Edward H"]
[Result "0-1"]
[WhiteElo "1931"]
[BlackElo "2067"]
[PlyCount "72"]
[EventDate "2008.07.28"]
[EventType "swiss"]
[EventRounds "11"]
[EventCountry "ENG"]
[SourceTitle "CBM 125 Extra"]
[Source "ChessBase"]
[SourceDate "2008.09.01"]
[SourceVersion "1"]
[SourceVersionDate "2008.09.01"]
[SourceQuality "1"]

1. d4 Nf6 2. c4 e6 3. Nc3 d5 4. Bg5 Be7 5. Nf3 Nbd7 6. e3 h6 7. Bh4 c6 8. Bd3 a6 9. a4 0-0 10. 0-0 Re8 11. h3 a5 12. Re1 dxc4 13. Bxc4 Nd5 14. Bxe7 Qxe7 15. Qd2 Nb4 16. e4 Rd8 17. Rad1 Nb6 18. Bf1 c5 19. Qc1 cxd4 20. Nxd4 Bd7 21. Bb5 Rac8 22. Qb1 Bxb5 23. Ndxb5 Nc4 24. Nd4 Rd7 25. Nf3 Rcd8 26. Rxd7 Rxd7 27. Rd1 Rxd1+ 28. Nxd1 Qd7 29. Nc3 Nd2 30. Qd1 Nxf3+ 31. gxf3 Qe7 32. Qd2 Nc6 33. Nb5 Qh4 34. Kg2 Ne5 35. Nd6 Ng6 36. Nxb7 Nf4+ 0-1

[Event "GBR-ch Major op 95th"]
[Site "Liverpool"]
[Date "2008.08.02"]
[Round "6"]
[White "MacDonald, Paul"]
[Black "Thilaganathan, Jessica"]
[Result "0-1"]
[WhiteElo "2050"]
[BlackElo "1931"]
[PlyCount "78"]
[EventDate "2008.07.28"]
[EventType "swiss"]
[EventRounds "11"]
[EventCountry "ENG"]
[SourceTitle "CBM 125 Extra"]
[Source "ChessBase"]
[SourceDate "2008.09.01"]
[SourceVersion "1"]
[SourceVersionDate "2008.09.01"]
[SourceQuality "1"]

1. d4 d5 2. c4 c6 3. Nc3 e6 4. cxd5 exd5 5. Nf3 Nf6 6. Bg5 Be7 7. Qc2 g6 8. e3 Bf5 9. Bd3 Bxd3 10. Qxd3 0-0 11. 0-0 Ne4 12. Bxe7 Qxe7 13. Nd2 Nxd2 14. Qxd2 f5 15. b4 Qxb4 16. Rab1 Qe7 17. Na4 Na6 18. Rfc1 Rac8 19. Nc5 Nxc5 20. Rxc5 Rc7 21. a4 f4 22. a5 f3 23. g3 Qe6 24. Qc1 Rf5 25. Qf1 Rh5 26. Rbc1 Kf8 27. Kh1 Rh6 28. R5c3 Ke8 29. Rb3 Kd7 30. Rcb1 Kc8 31. Rc3 g5 32. Rbc1 Qf5 33. a6 b6 34. R3c2 Kd7 35. Rc3 Rc8 36. R3c2 Rf8 37. Qg1 Qg4 38. Qf1 Rff6 39. Qg1 Rh3 0-1

[Event "Blackpool op 32nd"]
[Site "Blackpool"]
[Date "2008.03.09"]
[Round "5"]
[White "Duke, Michael"]
[Black "Thilaganathan, Jessica"]
[Result "1-0"]
[WhiteElo "2088"]
[BlackElo "1935"]
[PlyCount "111"]
[EventDate "2008.03.07"]
[EventType "swiss"]
[EventRounds "5"]
[EventCountry "ENG"]
[SourceTitle "CBM 123 Extra"]
[Source "ChessBase"]
[SourceDate "2008.05.06"]
[SourceVersion "1"]
[SourceVersionDate "2008.05.06"]
[SourceQuality "1"]

1. e4 e6 2. Nf3 d5 3. Nc3 Nf6 4. Qe2 Be7 5. d3 c5 6. g3 Nc6 7. Bg2 d4 8. Nd1 e5 9. h3 Qc7 10. c3 Bd7 11. Bd2 Qb6 12. 0-0 0-0 13. a3 a5 14. Nh2 Ne8 15. f4 f6 16. f5 Nd6 17. h4 Nf7 18. g4 h6 19. a4 Na7 20. Rf3 Nc8 21. Rh3 Rd8 22. Nf3 Ncd6 23. Qf2 Rac8 24. c4 Ne8 25. Qe1 Ra8 26. Kh2 Qd6 27. Nf2 b6 28. Rg3 Ra7 29. Nh3 Bc6 30. Qe2 Rdd7 31. b3 Bb7 32. Rh1 Bc8 33. Kg1 Rdc7 34. g5 fxg5 35. hxg5 hxg5 36. Nhxg5 Nxg5 37. Bxg5 Bxg5 38. Nxg5 Nf6 39. Bf3 Kf8 40. Rh8+ Ke7 41. Ne6 Bxe6 42. fxe6 Qxe6 43. Rxg7+ Kd6 44. Rg6 Rg7 45. Rhh6 Rxg6+ 46. Rxg6 Rf7 47. Qg2 Qe7 48. Qg5 Kc7 49. Bg2 Nd7 50. Qg3 Rf6 51. Rg5 Rf4 52. Bh3 Kd6 53. Bf5 Nf6 54. Rg7 Qe8 55. Qg5 Qf8 56. Qg6 1-0

[Event "Blackpool op 32nd"]
[Site "Blackpool"]
[Date "2008.03.08"]
[Round "3"]
[White "Van Kemenade, Rudy"]
[Black "Thilaganathan, Jessica"]
[Result "1/2-1/2"]
[WhiteElo "2029"]
[BlackElo "1935"]
[PlyCount "104"]
[EventDate "2008.03.07"]
[EventType "swiss"]
[EventRounds "5"]
[EventCountry "ENG"]
[SourceTitle "CBM 123 Extra"]
[Source "ChessBase"]
[SourceDate "2008.05.06"]
[SourceVersion "1"]
[SourceVersionDate "2008.05.06"]
[SourceQuality "1"]

1. f4 d5 2. Nf3 c5 3. g3 g6 4. Bg2 Bg7 5. d3 Nc6 6. 0-0 Nf6 7. c3 0-0 8. Qe1 Ne8 9. e4 dxe4 10. dxe4 e5 11. f5 gxf5 12. exf5 Bxf5 13. Nxe5 Nxe5 14. Rxf5 Nd3 15. Qf1 Nxc1 16. Qxc1 Qe7 17. Na3 Nf6 18. Qf4 Ne8 19. Qf2 Rc8 20. Re1 Qc7 21. Nc4 b6 22. Ne3 Nd6 23. Rg5 Kh8 24. Nd5 Qd8 25. Rxg7 Kxg7 26. Re7 Ne8 27. Qf5 Rc6 28. Rd7 Qb8 29. Nf4 Rg6 30. Ne6+ Rxe6 31. Qxe6 Nf6 32. Re7 Qd8 33. h3 Qb8 34. Qe3 h6 35. Rb7 Qd6 36. Rxa7 Re8 37. Qf4 Qxf4 38. gxf4 Re2 39. b4 cxb4 40. cxb4 Rd2 41. a4 Rd4 42. b5 Rb4 43. f5 Rb2 44. Rb7 Rb4 45. Rxb6 Rxa4 46. Ra6 Rb4 47. b6 Nd7 48. b7 Nc5 49. Ra8 Nxb7 50. Rb8 Kf6 51. Rxb7 Rxb7 52. Bxb7 Kxf5 1/2-1/2

[Event "BCF-chT2 0708 (4NCL)"]
[Site "Sunningdale"]
[Date "2008.03.01"]
[Round "7.8"]
[White "Thilaganathan, Jessica"]
[Black "Khoo, Selina"]
[Result "1/2-1/2"]
[WhiteElo "1935"]
[BlackElo "1998"]
[PlyCount "69"]
[EventDate "2007.09.15"]
[EventType "team-tourn"]
[EventRounds "11"]
[EventCountry "ENG"]
[SourceTitle "EXT 2023"]
[Source "ChessBase"]
[SourceDate "2022.10.05"]
[SourceVersion "1"]
[SourceVersionDate "2022.10.05"]
[SourceQuality "1"]
[WhiteTeam "Pride and Prejudice"]
[BlackTeam "Wessex"]
[WhiteTeamCountry "ENG"]
[BlackTeamCountry "ENG"]

1. d4 d5 2. c4 c6 3. Nc3 dxc4 4. a4 Nf6 5. Nf3 Bf5 6. e3 e6 7. Bxc4 Bb4 8. 0-0 Nbd7 9. Qe2 Bg6 10. Rd1 Qa5 11. Bd2 0-0 12. Na2 Bxd2 13. Qxd2 Qc7 14. Nc3 Rfd8 15. Bd3 Bh5 16. Be2 Nc5 17. Qe1 Ncd7 18. Rac1 Rac8 19. h3 Qa5 20. Nd2 Bg6 21. Nc4 Qb4 22. a5 b5 23. axb6 axb6 24. Na2 Qe7 25. Nb4 Nd5 26. Nd3 c5 27. dxc5 Nxc5 28. Nxc5 bxc5 29. Bd3 Bxd3 30. Rxd3 Nb4 31. Rxd8+ Rxd8 32. Rd1 Rd5 33. Nb6 Rxd1 34. Qxd1 g6 35. Nc4 1/2-1/2

[Event "Brentwood op 2nd"]
[Site "Brentwood"]
[Date "2008.02.16"]
[Round "2"]
[White "Thilaganathan, Jessica"]
[Black "Khantuev, Alexander"]
[Result "0-1"]
[WhiteElo "1935"]
[BlackElo "2324"]
[PlyCount "74"]
[EventDate "2008.02.16"]
[EventType "swiss"]
[EventRounds "5"]
[EventCountry "ENG"]
[SourceTitle "CBM 122 Extra"]
[Source "ChessBase"]
[SourceDate "2008.03.04"]
[SourceVersion "1"]
[SourceVersionDate "2008.03.04"]
[SourceQuality "1"]

1. d4 Nf6 2. c4 e6 3. Nc3 Bb4 4. Bg5 c5 5. d5 d6 6. e3 Qa5 7. Bxf6 gxf6 8. Qc2 Bxc3+ 9. Qxc3 Qxc3+ 10. bxc3 Nd7 11. Nf3 Ke7 12. Nd2 f5 13. f3 h5 14. Kf2 h4 15. Re1 Nf6 16. e4 e5 17. Bd3 f4 18. Rb1 Rb8 19. a4 Bd7 20. Bc2 b6 21. Rb2 Rbg8 22. a5 Rg7 23. axb6 axb6 24. h3 Rhg8 25. Rh2 Ra8 26. Bb3 Nh5 27. Ra2 Rxa2 28. Bxa2 Ng3 29. Ke1 Rg8 30. Kd1 Ra8 31. Bb1 b5 32. cxb5 Bxb5 33. c4 Bd7 34. Kc2 Ra3 35. Kb2 Re3 36. Bc2 Re2 37. Kc3 Rxd2 0-1

[Event "Wch U16 Girls"]
[Site "Kemer"]
[Date "2007.11.25"]
[Round "8"]
[White "Kinder, Jessica"]
[Black "Thilaganathan, Jessica"]
[Result "0-1"]
[WhiteElo "1728"]
[BlackElo "1929"]
[PlyCount "40"]
[EventDate "2007.11.18"]
[EventType "swiss"]
[EventRounds "11"]
[EventCountry "TUR"]
[SourceTitle "CBM 121 Extra"]
[Source "ChessBase"]
[SourceDate "2008.01.10"]
[SourceVersion "1"]
[SourceVersionDate "2008.01.10"]
[SourceQuality "1"]

1. e4 e6 2. d4 d5 3. Nd2 dxe4 4. Nxe4 Bd7 5. Nf3 Bc6 6. Neg5 Bd6 7. Bd3 Nf6 8. c4 h6 9. Nxe6 fxe6 10. Bg6+ Kf8 11. d5 exd5 12. 0-0 Be8 13. Nd4 Bf7 14. cxd5 Bc5 15. Ne6+ Bxe6 16. dxe6 Qxd1 17. Rxd1 Ke7 18. Bf7 Nc6 19. b3 Bd6 20. Re1 Ne5 0-1

[Event "Wch U16 Girls"]
[Site "Kemer"]
[Date "2007.11.22"]
[Round "6"]
[White "Thilaganathan, Jessica"]
[Black "Khazhomia, Salome"]
[Result "0-1"]
[WhiteElo "1929"]
[BlackElo "2168"]
[PlyCount "91"]
[EventDate "2007.11.18"]
[EventType "swiss"]
[EventRounds "11"]
[EventCountry "TUR"]
[SourceTitle "CBM 121 Extra"]
[Source "ChessBase"]
[SourceDate "2008.01.10"]
[SourceVersion "1"]
[SourceVersionDate "2008.01.10"]
[SourceQuality "1"]

1. d4 d5 2. c4 e5 3. dxe5 d4 4. Nf3 Nc6 5. a3 Bg4 6. Nbd2 Nge7 7. b4 Ng6 8. Bb2 Ngxe5 9. b5 Qe7 10. Qb1 Bxf3 11. Nxf3 Nxf3+ 12. gxf3 Ne5 13. Qe4 0-0-0 14. Bh3+ Kb8 15. Rc1 Ng6 16. Qxe7 Bxe7 17. Bf5 Nf4 18. Kd1 Bf6 19. Bd3 Rhe8 20. Re1 Re7 21. Kc2 Bh4 22. Rcd1 Bxf2 23. Rf1 Be3 24. Rde1 g6 25. a4 Re5 26. Bc1 Ng2 27. Bxe3 Nxe3+ 28. Kd2 Nxf1+ 29. Rxf1 Rh5 30. Rf2 Re8 31. Rg2 Ree5 32. Rg4 Rxh2 33. Rxd4 Kc8 34. Rg4 h5 35. Rg1 h4 36. Ke1 h3 37. f4 Re3 38. Kf1 Rg2 39. Rxg2 hxg2+ 40. Kxg2 b6 41. Kf2 Re7 42. Kf3 Rd7 43. Kg4 Rd6 44. f5 gxf5+ 45. Kxf5 Re6 46. Kf4 0-1

[Event "Wch U16 Girls"]
[Site "Kemer"]
[Date "2007.11.19"]
[Round "2"]
[White "Kiss, Kinga"]
[Black "Thilaganathan, Jessica"]
[Result "1/2-1/2"]
[WhiteElo "2085"]
[BlackElo "1929"]
[PlyCount "52"]
[EventDate "2007.11.18"]
[EventType "swiss"]
[EventRounds "11"]
[EventCountry "TUR"]
[SourceTitle "CBM 121 Extra"]
[Source "ChessBase"]
[SourceDate "2008.01.10"]
[SourceVersion "1"]
[SourceVersionDate "2008.01.10"]
[SourceQuality "1"]

1. e4 e6 2. d4 d5 3. Nd2 dxe4 4. Nxe4 Bd7 5. Bd3 Bc6 6. Nf3 Nd7 7. Qe2 Ngf6 8. Bg5 Be7 9. 0-0-0 Bxe4 10. Bxe4 Nxe4 11. Bxe7 Nc3 12. bxc3 Qxe7 13. d5 e5 14. Rhe1 0-0-0 15. Nxe5 Rhe8 16. Qg4 h5 17. Qf5 g6 18. Nxg6 Qa3+ 19. Kb1 fxg6 20. Qxg6 Rxe1 21. Rxe1 Qxc3 22. Re8 Qb4+ 23. Kc1 Qf4+ 24. Kb1 Qb4+ 25. Kc1 Qf4+ 26. Kb1 Qb4+ 1/2-1/2